| 000 | 01055nam a22002057a 4500 | ||
|---|---|---|---|
| 999 |
_c8611 _d8611 |
||
| 003 | AR-CdUCM | ||
| 008 | 190325b ||||| |||| 00| 0 spa d | ||
| 040 |
_aMUNICIPALIDAD PROVINCIAL DEL CUSCO _cBIBLIOTECA MUNICIPAL DEL CUSCO |
||
| 082 |
_a614.84 / _bA23 |
||
| 110 |
_aArmstrong Cork Company de Lancaster, Pennsylvaria _924098 |
||
| 245 | _aAdiestramiento de Brigadas Contra Incendios en las Fábricas / | ||
| 260 |
_aMéxico ; _bCentro Regional de Ayuda Tecnica , _c1963. |
||
| 300 |
_a107 páginas ; _c21.5 cm. |
||
| 505 | _aContenido : Notas para el instructor -- Finalidad, organizacion y obligaciones de la brigada contra incendios en la fabrica -- Finalidad -- Organizacion y obligaciones de la brigada contra incendios en la fabrica -- Notas para el instricor -- Que es el fuego -- Proyeccion de la fabrica contra incendios -- Proteccion de la fabrica contra incendios... | ||
| 650 |
_aProteccion contra Incendios _924099 |
||
| 650 |
_aPrimeros Auxilios _924100 |
||
| 650 |
_aPrevencion de Riesgos _924101 |
||
| 942 |
_2ddc _cLIBROS |
||
| 945 | _artm | ||